000 01395nam0a22002771 4500
001 rc\1036477
005 20041129103156.7
035 _a(NLR Aleph) 006199282
090 _a6249773
_c6249773
100 _a20041129d1981 u |0rusy50 ca
101 0 _arus
102 _aRU
105 _aa |||||||||
200 1 _aВоднобалансовые исследования на мелиорируемых землях
_eМатериалы междувед. совещ. на Валдае, 11-14 сент. 1979 г.
_fПод ред. С.И. Харченко, П.П. Кузьмина
210 _aЛ.
_cГидрометеоиздат
_d1981
215 _a174 с.
_cил., карт.
_d22
300 _aВ надзаг.: Гос. ком. СССР по гидрометеорологии и контролю природ. среды, Гос. гидрол. ин-т
320 _aБиблиогр. в конце докл.
702 1 _aХарченко
_bС. И.
_gСергей Иванович
_4340
712 0 2 _aГидрологический ин-т
_cЛенинград
_3RU\NLR\AUTH\889989782
712 1 2 _a"Проектирование и организация воднобалансовых станций на мелиорируемых землях", совещ.
_f1979
_eВалдай
801 0 _aRU
_bNLR
_gpsbo
801 1 _aRU
_bELAR
_2rusmarc
852 _aNLR
_j81-5/3913
942 _cBOOK
980 _aNB